Justice Expenditure and Employment, 1988

Gespeichert in:  
Bibliographische Detailangaben
1. VerfasserIn: Lindgren, Sue A. (Verfasst von)
Medienart: Druck Aufsatz
Sprache:Englisch
Veröffentlicht: United States Department of Justice, Bureau of Justice Statistics 1991
In:Enthalten in: Bureau of Justice Statistics Bulletin
Verfügbarkeit prüfen: HBZ Gateway

MARC

LEADER 00000caa a22000002c 4500
001 1912602156
003 DE-627
005 20250127054954.0
007 tu
008 241217s1991 xx ||||| 00| ||eng c
035 |a (DE-627)1912602156 
035 |a (DE-599)KXP1912602156 
040 |a DE-627  |b ger  |c DE-627  |e rda 
041 |a eng 
084 |a 2,1  |2 ssgn 
100 1 |a Lindgren, Sue A.  |e VerfasserIn  |4 aut 
245 1 0 |a Justice Expenditure and Employment, 1988 
264 1 |b United States Department of Justice, Bureau of Justice Statistics  |c 1991 
336 |a Text  |b txt  |2 rdacontent 
337 |a ohne Hilfsmittel zu benutzen  |b n  |2 rdamedia 
338 |a Band  |b nc  |2 rdacarrier 
773 0 8 |i Enthalten in  |t Bureau of Justice Statistics Bulletin 
787 0 8 |i Forschungsdaten  |a United States Department of Justice. Office of Justice Programs. Bureau of Justice Statistics  |t Expenditure and Employment Data for the Criminal Justice System: CJEE Longitudinal File, 1971-1979, 1985, 1988  |d [Erscheinungsort nicht ermittelbar] : [Verlag nicht ermittelbar], 1984  |w (DE-627)184006773X 
787 0 8 |i Forschungsdaten  |a United States Department of Justice. Office of Justice Programs. Bureau of Justice Statistics  |t Expenditure and Employment Data for the Criminal Justice System (United States): CJEE Extracts File, 1988  |d [Erscheinungsort nicht ermittelbar] : [Verlag nicht ermittelbar], 1991  |w (DE-627)1840067616 
787 0 8 |i Forschungsdaten  |a United States Department of Justice. Office of Justice Programs. Bureau of Justice Statistics  |t Expenditure and Employment Data for the Criminal Justice System: CJEE individual Units File and Estimates File, 1988  |d [Erscheinungsort nicht ermittelbar] : [Verlag nicht ermittelbar], 1991  |w (DE-627)1840067713 
935 |a mkri 
951 |a AR 
ELC |b 1 
LOK |0 000 xxxxxcx a22 zn 4500 
LOK |0 001 463756767X 
LOK |0 003 DE-627 
LOK |0 004 1912602156 
LOK |0 005 20241217044632 
LOK |0 008 241217||||||||||||||||ger||||||| 
LOK |0 035   |a (DE-2619)ICPSR19117 
LOK |0 040   |a DE-2619  |c DE-627  |d DE-2619 
LOK |0 092   |o n 
LOK |0 852   |a DE-2619 
LOK |0 852 1  |9 00 
LOK |0 935   |a uvkn  |a nacp 
LOK |0 939   |a 17-12-24  |b l01 
ORI |a SA-MARC-krimdoka001.raw